[Event "II Weekend INPS"]
[Site "Roma ITA"]
[Date "1997.??.??"]
[Round "6"]
[White "Trebeschi, Andrea"]
[Black "Monteleone, Antonio"]
[Result "0-1"]
[WhiteElo "1660"]
[BlackElo "2190"]
[PlyCount "66"]
[EventDate "1997.??.??"]

1. e4 e6 2. d4 d5 3. e5 c5 4. c3 Nc6 5. Nf3 Bd7 6. a3 f6 7. exf6 gxf6 8. b4
cxd4 9. cxd4 Bd6 10. Bb2 Qe7 11. Be2 Nh6 12. Nbd2 Rg8 13. Rg1 e5 14. dxe5 fxe5
15. Nf1 e4 16. Nd4 Ng4 17. h3 Nge5 18. Ng3 e3 19. Bh5+ Kd8 20. Ngf5 exf2+ 21.
Kxf2 Rf8 22. g4 Nxd4 23. Bxd4 Bxf5 24. gxf5 Qh4+ 25. Kg2 Qe4+ 26. Bf3 Nxf3 27.
Qxf3 Rg8+ 28. Kf2 Qxd4+ 29. Qe3 Qh4+ 30. Kf1 Qc4+ 31. Kf2 Qc2+ 32. Kf1 Qxf5+
33. Qf2 Qd3+ 0-1

[Event "II Weekend INPS"]
[Site "Roma ITA"]
[Date "1997.??.??"]
[Round "6"]
[White "Vallifuoco, Giovanni"]
[Black "Chiaretti, Roberto"]
[Result "1/2-1/2"]
[WhiteElo "2255"]
[BlackElo "2150"]
[PlyCount "84"]
[EventDate "1997.??.??"]

1. d4 Nf6 2. c4 e6 3. Nc3 Bb4 4. e3 Nc6 5. Bd3 e5 6. Nge2 d5 7. cxd5 Nxd5 8.
O-O exd4 9. exd4 O-O 10. a3 Nxc3 11. bxc3 Bd6 12. Ng3 Qh4 13. Rb1 a6 14. Re1 f5
15. Qd2 b6 16. a4 Bd7 17. Qg5 Qxg5 18. Bxg5 g6 19. Bh6 Rfe8 20. Rxe8+ Bxe8 21.
Ne2 Na5 22. Bf4 Bxf4 23. Nxf4 Bxa4 24. Nd5 Ra7 25. Re1 Bc6 26. Nb4 Bb5 27. Bb1
Bc4 28. Re7 Kf8 29. Rxh7 Bf7 30. Ba2 Bxa2 31. Nxa2 Nc6 32. Kf1 Ne7 33. Ke2 c5
34. Kd3 cxd4 35. cxd4 Rc7 36. Nc3 b5 37. Rh8+ Kf7 38. Rb8 Nc6 39. Rb6 Nb4+ 40.
Kd2 Rd7 41. Ne2 Rc7 42. Nc3 Rd7 1/2-1/2

[Event "II Weekend INPS"]
[Site "Roma ITA"]
[Date "1997.??.??"]
[Round "6"]
[White "Vannelli, Vittorio"]
[Black "Ferri, Stefano"]
[Result "0-1"]
[WhiteElo "1636"]
[BlackElo "1901"]
[PlyCount "94"]
[EventDate "1997.??.??"]

1. e4 c5 2. Nf3 Nf6 3. e5 Nd5 4. c3 Nc6 5. d4 cxd4 6. Bc4 Nb6 7. Bb5 dxc3 8.
Nxc3 a6 9. Bxc6 dxc6 10. Qxd8+ Kxd8 11. Be3 Nd5 12. O-O-O e6 13. Na4 Ke8 14.
Nb6 Rb8 15. Bd4 c5 16. Nxd5 exd5 17. Bc3 Be6 18. b3 Be7 19. h3 b5 20. Rhe1 Kd7
21. Kb1 Rhc8 22. Nd2 Ke8 23. f4 g6 24. g4 b4 25. Bb2 c4 26. bxc4 dxc4 27. Ne4
c3 28. Rd6 cxb2 29. Rxa6 Ra8 30. Nd6+ Bxd6 31. Rxd6 Rc1+ 32. Rxc1 bxc1=Q+ 33.
Kxc1 Rxa2 34. Rb6 Ra4 35. Kb2 b3 36. f5 gxf5 37. gxf5 Bxf5 38. Kxb3 Rh4 39. Rd6
Bxh3 40. Kc3 Be6 41. Kd3 Rg4 42. Ke3 h5 43. Kf3 Kf8 44. Rd2 Kg7 45. Rh2 Kg6 46.
Rf2 Kg5 47. Ke3 h4 0-1

[Event "II Weekend INPS"]
[Site "Roma ITA"]
[Date "1997.??.??"]
[Round "6"]
[White "Vigile, Matteo"]
[Black "Scacco, Mauro"]
[Result "1/2-1/2"]
[WhiteElo "1771"]
[BlackElo "2045"]
[PlyCount "161"]
[EventDate "1997.??.??"]

1. e4 e5 2. Nf3 Nc6 3. d4 exd4 4. Nxd4 Bc5 5. Nxc6 Qf6 6. Qd2 bxc6 7. Nc3 Ne7
8. Bc4 O-O 9. O-O d6 10. Na4 Bb6 11. Nxb6 axb6 12. c3 Ng6 13. Qg5 Re8 14. Qxf6
gxf6 15. f3 Ne5 16. Be2 f5 17. exf5 Bxf5 18. Bd2 Bd3 19. Bxd3 Nxd3 20. b3 Re2
21. Bg5 Kg7 22. Rfd1 Nc5 23. b4 Ne6 24. Rd2 Rxd2 25. Bxd2 Ra3 26. Kf2 c5 27.
Bc1 Ra4 28. a3 c4 29. Ra2 Kf6 30. h4 Ke5 31. Re2+ Kd5 32. g4 c5 33. f4 cxb4 34.
axb4 Ra1 35. Be3 b5 36. f5 Nc7 37. Bf4 Kc6 38. Be3 Rh1 39. Kg3 Rd1 40. Bd4 Nd5
41. Ra2 Nxc3 42. Bxc3 Rd3+ 43. Kg2 Rxc3 44. Ra6+ Kd5 45. Ra7 Rb3 46. Rxf7 Rxb4
47. Rxh7 c3 48. f6 Rxg4+ 49. Kf3 Rg6 50. f7 Rf6+ 51. Ke3 c2 52. Kd2 Rf2+ 53.
Kc1 Kd4 54. f8=Q Rxf8 55. Kxc2 d5 56. Rg7 Rf3 57. Rg4+ Ke3 58. Rg5 Ke4 59. h5
b4 60. Rg4+ Ke3 61. Rxb4 Rf2+ 62. Kd1 d4 63. Rb7 Rh2 64. Re7+ Kd3 65. Kc1 Rh1+
66. Kb2 Rxh5 67. Kc1 Rh1+ 68. Kb2 Kd2 69. Rd7 d3 70. Re7 Re1 71. Rd7 Re6 72.
Rd8 Rb6+ 73. Ka3 Kc2 74. Rc8+ Kd1 75. Rc7 d2 76. Rc5 Re6 77. Rh5 Re2 78. Kb2
Ke1 79. Rh1+ Kf2 80. Kc2 Re1 81. Rh2+ 1/2-1/2

[Event "II Weekend INPS"]
[Site "Roma ITA"]
[Date "1997.??.??"]
[Round "6"]
[White "Zagaglia, Alessandro"]
[Black "Di Lascio, Savino"]
[Result "0-1"]
[WhiteElo "1537"]
[BlackElo "1708"]
[PlyCount "145"]
[EventDate "1997.??.??"]

1. e4 c6 2. d4 d5 3. e5 Bf5 4. Nf3 e6 5. Bd3 Bxd3 6. Qxd3 Qa5+ 7. Bd2 Qa6 8.
Qxa6 Nxa6 9. a3 c5 10. c3 Rc8 11. b4 b6 12. dxc5 bxc5 13. b5 Nc7 14. a4 Rb8 15.
Be3 Na8 16. Nbd2 h5 17. Ke2 Nh6 18. Nb3 Rc8 19. Bxh6 Rxh6 20. Na5 h4 21. g3
hxg3 22. hxg3 Rxh1 23. Rxh1 Nb6 24. Ra1 g6 25. Nd2 Bg7 26. f4 f6 27. Nb7 Ke7
28. a5 Nd7 29. exf6+ Bxf6 30. Rh1 Rh8 31. Rxh8 Bxh8 32. b6 axb6 33. a6 b5 34.
a7 Nb6 35. Nxc5 Bxc3 36. Ndb3 Kd6 37. Kd3 Bb4 38. Na6 Be1 39. g4 Bg3 40. Ke3
Be1 41. Nd4 b4 42. Nc2 b3 43. Na3 Kc6 44. Kd3 Bg3 45. Kc3 Bxf4 46. Kxb3 Kb7 47.
a8=Q+ Kxa8 48. Nc5 e5 49. Kc3 Kb8 50. Kd3 Kc7 51. Ne6+ Kd6 52. Nd8 g5 53. Nb5+
Kd7 54. Nf7 Ke7 55. Nh6 Nd7 56. Nf5+ Kf6 57. Nc3 Nc5+ 58. Ke2 d4 59. Nd5+ Ke6
60. Nb4 Nb3 61. Kd3 Nc5+ 62. Ke2 Ne4 63. Kf3 Nf6 64. Ng7+ Kd7 65. Nf5 e4+ 66.
Ke2 d3+ 67. Nxd3 exd3+ 68. Kxd3 Nxg4 69. Nd4 Kd6 70. Ke4 Nf2+ 71. Kf5 Kd5 72.
Ne6 Nh3 73. Nc7+ 0-1

[Event "II Weekend INPS"]
[Site "Roma ITA"]
[Date "1997.??.??"]
[Round "7"]
[White "Cattarinich, Benedetto"]
[Black "Angelucci, Marco"]
[Result "0-1"]
[WhiteElo "1837"]
[BlackElo "1600"]
[PlyCount "106"]
[EventDate "1997.??.??"]

1. d4 Nf6 2. Nf3 g6 3. c4 Bg7 4. Nc3 d6 5. e4 O-O 6. Be2 e5 7. O-O Nc6 8. d5
Ne7 9. b4 Nh5 10. g3 f5 11. Ng5 Nf6 12. f3 h6 13. Ne6 Bxe6 14. dxe6 Qc8 15. Nd5
Re8 16. Nxf6+ Bxf6 17. Bxh6 Qxe6 18. Qc1 Kh7 19. Be3 Rh8 20. g4 f4 21. Bd2 Kg7
22. c5 Rh3 23. Rf2 Rah8 24. Bf1 Bh4 25. Bxh3 Bxf2+ 26. Kxf2 Rxh3 27. Kg2 Rh8
28. Qc3 g5 29. cxd6 Qxd6 30. Rc1 c6 31. Be1 Ng6 32. Bf2 Kf6 33. Rc2 Rd8 34. b5
cxb5 35. Qc7 Qxc7 36. Rxc7 Rd2 37. Rxb7 Rxa2 38. Rxa7 Nh4+ 39. Kh3 Rxa7 40.
Bxa7 Nxf3 41. Bc5 Nd2 42. Bb4 Nxe4 43. Kg2 Ke6 44. Kf3 Nf6 45. h3 e4+ 46. Kf2
Nd5 47. Bc5 Ke5 48. Bf8 b4 49. Bc5 b3 50. Ba3 Kd4 51. h4 e3+ 52. Kf3 gxh4 53.
g5 Ke5 0-1

[Event "II Weekend INPS"]
[Site "Roma ITA"]
[Date "1997.??.??"]
[Round "7"]
[White "Chiaretti, Roberto"]
[Black "Lagumina, Giulio"]
[Result "0-1"]
[WhiteElo "2150"]
[BlackElo "2265"]
[PlyCount "40"]
[EventDate "1997.??.??"]

1. e4 e5 2. Nf3 d6 3. d4 exd4 4. Qxd4 Nc6 5. Bb5 Nge7 6. Bg5 a6 7. Bxc6+ Nxc6
8. Qe3 Be7 9. Nc3 Bxg5 10. Nxg5 h6 11. Nf3 O-O 12. O-O-O Be6 13. Kb1 Qe7 14.
Rhe1 Rae8 15. Qf4 f5 16. exf5 Rxf5 17. Qxf5 Bxf5 18. Rxe7 Rxe7 19. Re1 Rf7 20.
h3 Bxh3 0-1

[Event "II Weekend INPS"]
[Site "Roma ITA"]
[Date "1997.??.??"]
[Round "7"]
[White "Colangeli, Claudio"]
[Black "Campagna, Maurizio"]
[Result "0-1"]
[WhiteElo "1651"]
[BlackElo "1573"]
[PlyCount "64"]
[EventDate "1997.??.??"]

1. d4 Nf6 2. c4 e6 3. g3 d5 4. Bg2 Be7 5. Nc3 O-O 6. Nf3 c5 7. dxc5 dxc4 8. Be3
Qa5 9. O-O Nbd7 10. Nd2 Qb4 11. c6 bxc6 12. Bxc6 Bb7 13. Bxb7 Qxb7 14. Nxc4 Qb4
15. Qb3 Rac8 16. Nd2 a5 17. Rac1 Ng4 18. Qxb4 axb4 19. Na4 Nxe3 20. fxe3 Bg5
21. Nc4 Ne5 22. b3 Nxc4 23. Rxc4 Bxe3+ 24. Kg2 Rxc4 25. bxc4 Ra8 26. Rf3 Bg5
27. Nc5 Rxa2 28. Kf2 Ra3 29. Rb3 Be7 30. Rxa3 bxa3 31. Nb3 a2 32. c5 Bxc5+ 0-1

[Event "II Weekend INPS"]
[Site "Roma ITA"]
[Date "1997.??.??"]
[Round "7"]
[White "Coppini, Giorgio"]
[Black "Vallifuoco, Giovanni"]
[Result "1/2-1/2"]
[WhiteElo "2195"]
[BlackElo "2255"]
[PlyCount "39"]
[EventDate "1997.??.??"]

1. e4 c5 2. Nc3 Nc6 3. g3 g6 4. Bg2 Bg7 5. d3 Rb8 6. Be3 d6 7. Qd2 b5 8. Nge2
b4 9. Nd1 Nd4 10. O-O e6 11. c3 bxc3 12. bxc3 Nxe2+ 13. Qxe2 Ne7 14. f4 O-O 15.
g4 f5 16. gxf5 gxf5 17. Rf3 Rf6 18. Rg3 Rg6 19. Bd2 Bd7 20. Ne3 1/2-1/2

[Event "II Weekend INPS"]
[Site "Roma ITA"]
[Date "1997.??.??"]
[Round "7"]
[White "Corvi, Marco"]
[Black "Passerotti, Pierluigi"]
[Result "1/2-1/2"]
[WhiteElo "2260"]
[BlackElo "2310"]
[PlyCount "89"]
[EventDate "1997.??.??"]

1. e4 e5 2. Nf3 Nf6 3. Nxe5 d6 4. Nf3 Nxe4 5. d4 d5 6. Bd3 Be7 7. O-O O-O 8. c4
Nc6 9. Nc3 Nf6 10. h3 h6 11. Bf4 Be6 12. c5 a6 13. Re1 Re8 14. a3 Bf8 15. b4
Ne7 16. Qc2 g6 17. Rxe6 fxe6 18. Bxg6 Nxg6 19. Qxg6+ Bg7 20. Bxh6 Re7 21. Ne5
Qe8 22. Qxe8+ Nxe8 23. Bxg7 Kxg7 24. g4 Nf6 25. f3 Nd7 26. Re1 Nxe5 27. Rxe5 c6
28. Kg2 a5 29. b5 cxb5 30. Nxb5 Kf8 31. a4 Rc8 32. Kg3 b6 33. cxb6 Rc6 34. h4
Rxb6 35. h5 Rc6 36. g5 Rc4 37. g6 Rxa4 38. h6 Ra1 39. Rh5 Kg8 40. Kh2 Ra2+ 41.
Kh3 Ra1 42. Kh2 Ra2+ 43. Kg3 Ra1 44. Kh2 Ra2+ 45. Kh3 1/2-1/2

[Event "II Weekend INPS"]
[Site "Roma ITA"]
[Date "1997.??.??"]
[Round "7"]
[White "De Blasio, Alessandro"]
[Black "Viscogliosi, Enzo"]
[Result "1/2-1/2"]
[WhiteElo "1570"]
[BlackElo "1732"]
[PlyCount "69"]
[EventDate "1997.??.??"]

1. e4 c5 2. Nf3 d6 3. d4 cxd4 4. Nxd4 Nf6 5. Nc3 e6 6. Be2 Be7 7. O-O a6 8. f4
Qc7 9. Be3 Nbd7 10. Bf3 O-O 11. Kh1 Rb8 12. a4 b6 13. g4 Bb7 14. g5 Ne8 15. Bg2
g6 16. Rf3 e5 17. Nde2 exf4 18. Nxf4 Bxg5 19. Nfd5 Qd8 20. Bxg5 Qxg5 21. Qd4
Qe5 22. Qe3 Nef6 23. Nxf6+ Nxf6 24. Rf4 d5 25. Qf2 Nxe4 26. Rxe4 dxe4 27. Qxb6
f5 28. Rd1 Ba8 29. Qxa6 Rxb2 30. Qc4+ Kh8 31. Nb5 Bd5 32. Rxd5 Rb1+ 33. Bf1 Qf4
34. Kg1 Qe3+ 35. Kg2 1/2-1/2

[Event "II Weekend INPS"]
[Site "Roma ITA"]
[Date "1997.??.??"]
[Round "7"]
[White "Di Lascio, Savino"]
[Black "Luzi, Alessandro"]
[Result "1-0"]
[WhiteElo "1708"]
[BlackElo "1540"]
[PlyCount "37"]
[EventDate "1997.??.??"]

1. Nf3 Nf6 2. c4 g6 3. b4 Bg7 4. Bb2 d6 5. g3 O-O 6. Bg2 c6 7. O-O Be6 8. d3
Qd7 9. Ng5 h6 10. Nxe6 Qxe6 11. Nc3 Nbd7 12. a4 Rac8 13. b5 Ne5 14. h3 Nh5 15.
e3 f5 16. a5 Nf7 17. a6 b6 18. bxc6 Nd8 19. Bd5 1-0

[Event "II Weekend INPS"]
[Site "Roma ITA"]
[Date "1997.??.??"]
[Round "7"]
[White "Fantazzini, Massimiliano"]
[Black "Manzanilla, Rufino"]
[Result "0-1"]
[WhiteElo "1714"]
[BlackElo "1600"]
[PlyCount "48"]
[EventDate "1997.??.??"]

1. d4 Nf6 2. e3 g6 3. Bd3 d5 4. Nd2 Bg7 5. f4 Bg4 6. Ngf3 Bxf3 7. Qxf3 e6 8. c4
c6 9. O-O O-O 10. b3 a5 11. a3 Na6 12. Bb2 b6 13. g4 Qd7 14. Rf2 c5 15. g5 Nh5
16. Bb1 Rac8 17. cxd5 cxd4 18. Nc4 dxe3 19. Qxe3 exd5 20. Bxg7 Nxg7 21. Nxb6
Qg4+ 22. Rg2 Qd1+ 23. Kf2 Rfe8 24. Qd3 Qe1+ 0-1

[Event "II Weekend INPS"]
[Site "Roma ITA"]
[Date "1997.??.??"]
[Round "7"]
[White "Ferri, Stefano"]
[Black "Ramondino, Renzo"]
[Result "0-1"]
[WhiteElo "1901"]
[BlackElo "1600"]
[PlyCount "70"]
[EventDate "1997.??.??"]

1. d4 Nf6 2. c4 c5 3. Nf3 cxd4 4. Nxd4 e5 5. Nb3 Qc7 6. e3 d5 7. cxd5 Bb4+ 8.
Nc3 O-O 9. Bd2 Bxc3 10. Bxc3 Rd8 11. Qc2 Rxd5 12. Bd3 Nc6 13. Rc1 Bg4 14. O-O
Rad8 15. Bc4 R5d6 16. Nd2 Qd7 17. Ne4 Nxe4 18. Qxe4 Rg6 19. f4 Bf5 20. Qf3 e4
21. Qd1 Qe7 22. Qe1 Bh3 23. Rf2 Qd7 24. Kh1 Bg4 25. b4 Ne7 26. Be2 Bxe2 27.
Qxe2 Rd6 28. g4 Rd3 29. f5 Nd5 30. Bd2 Qa4 31. Rc4 Qxa2 32. Rxe4 Rxd2 33. Qxd2
Qb1+ 34. Kg2 Qxe4+ 35. Rf3 Nf4+ 0-1

[Event "II Weekend INPS"]
[Site "Roma ITA"]
[Date "1997.??.??"]
[Round "7"]
[White "Galdelli, Fabiano"]
[Black "Mazziotto, Nicola"]
[Result "1-0"]
[WhiteElo "1738"]
[BlackElo "1570"]
[PlyCount "48"]
[EventDate "1997.??.??"]

1. e4 d6 2. d4 Nf6 3. Nc3 g6 4. Bg5 Bg7 5. f4 c5 6. e5 Ng4 7. Bb5+ Bd7 8. Qxg4
Bxb5 9. Nxb5 Qa5+ 10. c3 O-O 11. Qe2 a6 12. Na3 cxd4 13. Nc4 Qd5 14. cxd4 f6
15. Bh4 Qxd4 16. Nf3 Qxf4 17. Bg3 Qg4 18. exd6 exd6 19. O-O Nc6 20. Nxd6 f5 21.
Qe6+ Kh8 22. Nf7+ Rxf7 23. Qxf7 Nd4 24. Nxd4 Qxd4+ 1-0

[Event "II Weekend INPS"]
[Site "Roma ITA"]
[Date "1997.??.??"]
[Round "7"]
[White "Iacoacci, Giancarlo"]
[Black "Piccioni, Marco"]
[Result "0-1"]
[WhiteElo "1600"]
[BlackElo "1651"]
[PlyCount "90"]
[EventDate "1997.??.??"]

1. d4 d5 2. Nf3 Nf6 3. e3 Bg4 4. Nbd2 e6 5. Bd3 Bb4 6. c3 Bd6 7. O-O O-O 8. Qc2
Nbd7 9. h3 Bh5 10. b3 e5 11. dxe5 Nxe5 12. Nxe5 Bxe5 13. Re1 Bg6 14. Bxg6 fxg6
15. Bb2 c6 16. Rad1 Qc7 17. c4 Bxb2 18. Qxb2 dxc4 19. Nxc4 Ne4 20. Re2 Rf6 21.
Qc2 Qe7 22. Nd2 Nc5 23. e4 Re6 24. f3 Rd8 25. Nc4 Rxd1+ 26. Qxd1 Nd7 27. Rd2
Nf8 28. Kf1 h6 29. Ke2 Kh7 30. Rd6 g5 31. g3 b5 32. Rxe6 Qxe6 33. Na5 Qxh3 34.
a3 Qxg3 35. Nxc6 a6 36. Nb4 g4 37. Qf1 Qh2+ 38. Ke3 g3 39. Nxa6 g2 40. Qxg2
Qxg2 41. Nc7 Qg1+ 42. Ke2 Qc5 43. Nd5 Qc2+ 44. Ke3 Qxb3+ 45. Kf4 Qxa3 0-1

[Event "II Weekend INPS"]
[Site "Roma ITA"]
[Date "1997.??.??"]
[Round "7"]
[White "Ianniello, Riccardo"]
[Black "Quimi, Marco"]
[Result "0-1"]
[WhiteElo "2300"]
[BlackElo "2240"]
[PlyCount "121"]
[EventDate "1997.??.??"]

1. e4 g6 2. Nf3 Bg7 3. d4 c5 4. dxc5 Qa5+ 5. c3 Qxc5 6. Be3 Qc7 7. Bd3 Nc6 8.
O-O Nf6 9. h3 O-O 10. c4 Nb4 11. Nc3 Nxd3 12. Qxd3 d6 13. Rac1 Qa5 14. Rfe1 Be6
15. b3 Rfc8 16. Bd2 Qh5 17. Ne2 Bd7 18. b4 b5 19. c5 d5 20. e5 Bf5 21. Qd4 Ne4
22. Nf4 Qh6 23. Be3 g5 24. Nxd5 Bf8 25. Qb2 Qe6 26. Nc3 Nxc3 27. Qxc3 Qxa2 28.
Nd4 Bg6 29. Nb3 h6 30. Red1 Rd8 31. Bd4 Bf5 32. Rd2 Qa6 33. Ra1 Qe6 34. Rad1
Bg7 35. Qe3 Rd5 36. Bb2 Rxd2 37. Rxd2 Qc4 38. Rd4 Qc2 39. Rd2 Qc4 40. Rd4 Qe6
41. Rd2 Bg6 42. Na5 Rc8 43. Bc3 g4 44. hxg4 Qxg4 45. f4 h5 46. Qh3 Qxh3 47.
gxh3 Bf5 48. Kg2 Bh6 49. Rd4 Kh7 50. Be1 Rg8+ 51. Kh2 f6 52. exf6 exf6 53. Bh4
Re8 54. Bxf6 Re2+ 55. Kg3 Be4 56. Bg5 Bg7 57. Rxe4 Rxe4 58. c6 Re3+ 59. Kh4 Kg6
60. Bd8 Rc3 61. Be7 0-1

[Event "II Weekend INPS"]
[Site "Roma ITA"]
[Date "1997.??.??"]
[Round "7"]
[White "Maddaloni, Giovanni"]
[Black "Abuhamdieh, Arafat"]
[Result "1/2-1/2"]
[WhiteElo "1571"]
[BlackElo "1294"]
[PlyCount "85"]
[EventDate "1997.??.??"]

1. e4 e5 2. Nf3 Nc6 3. Bb5 a6 4. Ba4 Nf6 5. O-O b5 6. Bb3 Be7 7. Re1 O-O 8. a4
Bb7 9. d3 d6 10. a5 Nd7 11. c3 Rb8 12. Nbd2 Nc5 13. Bc2 f5 14. b4 fxe4 15. Nxe4
Nxe4 16. dxe4 Bf6 17. Bb3+ Kh8 18. Bd5 Ne7 19. Bxb7 Rxb7 20. Be3 Ng6 21. Qd5
Rb8 22. Red1 h6 23. Rd3 Qc8 24. h3 c6 25. Qb3 d5 26. Nd2 Ne7 27. Bc5 dxe4 28.
Nxe4 Qf5 29. f3 Rfd8 30. Rxd8+ Rxd8 31. Bxe7 Bxe7 32. Rd1 Rf8 33. Qb1 Qf4 34.
Qd3 Rd8 35. Qxd8+ Bxd8 36. Rxd8+ Kh7 37. Rd6 Qe3+ 38. Kh2 Qf4+ 39. Kh1 Qc1+ 40.
Kh2 Qf4+ 41. Kh1 Qc1+ 42. Kh2 c5 43. bxc5 1/2-1/2

[Event "II Weekend INPS"]
[Site "Roma ITA"]
[Date "1997.??.??"]
[Round "7"]
[White "Marta, Daniele"]
[Black "Scavo, Fernando"]
[Result "0-1"]
[WhiteElo "1816"]
[BlackElo "2185"]
[PlyCount "64"]
[EventDate "1997.??.??"]

1. d4 Nf6 2. c4 e6 3. Nf3 b6 4. g3 Ba6 5. b3 Bb4+ 6. Bd2 Be7 7. Bg2 c6 8. O-O
d5 9. Ne5 Nfd7 10. Nxd7 Nxd7 11. Bc3 O-O 12. Nd2 f5 13. Bb2 Bd6 14. Rc1 Rc8 15.
Re1 Qf6 16. e3 g5 17. f4 g4 18. Rc2 Qe7 19. a4 h5 20. h4 gxh3 21. Bxh3 Nf6 22.
Nf3 Ne4 23. Kh2 Qh7 24. Qa1 Qe7 25. Rec1 Kh7 26. Bf1 Rg8 27. Rg2 Rg6 28. Bd3
Rcg8 29. Rcg1 Rg4 30. c5 Bxf4 31. exf4 Bxd3 32. Ne5 Rh4+ 0-1

[Event "II Weekend INPS"]
[Site "Roma ITA"]
[Date "1997.??.??"]
[Round "7"]
[White "Matano, Arturo"]
[Black "Vanzan, Alessandro"]
[Result "1-0"]
[WhiteElo "1705"]
[BlackElo "1528"]
[PlyCount "83"]
[EventDate "1997.??.??"]

1. d4 Nf6 2. Nf3 g6 3. Nc3 Bg7 4. e4 d6 5. Be2 O-O 6. O-O e5 7. dxe5 dxe5 8.
Qxd8 Rxd8 9. Bg5 Re8 10. Rfd1 c6 11. Rd6 Nh5 12. Rad1 f6 13. Rd8 Kf8 14. Be3 b6
15. a4 Ke7 16. R8d6 Be6 17. a5 b5 18. Bc5 Kf7 19. Rd8 Na6 20. Rxe8 Kxe8 21.
Nxb5 Nxc5 22. Nc7+ Kf7 23. Nxa8 Nxe4 24. Nc7 Nf4 25. Bf1 Bg4 26. h3 Nxh3+ 27.
gxh3 Bxf3 28. Rd7+ Kg8 29. Bc4+ Kh8 30. Rd8+ Bf8 31. Rxf8+ Kg7 32. Rd8 Ng5 33.
Ne6+ Kh6 34. Nxg5 Kxg5 35. Rd7 h5 36. Rxa7 Kh4 37. Rg7 g5 38. Be6 g4 39. hxg4
hxg4 40. a6 c5 41. a7 Ba8 42. Rg8 1-0

[Event "II Weekend INPS"]
[Site "Roma ITA"]
[Date "1997.??.??"]
[Round "7"]
[White "Mogranzini, Roberto"]
[Black "Vannelli, Vittorio"]
[Result "1/2-1/2"]
[WhiteElo "1834"]
[BlackElo "1636"]
[PlyCount "58"]
[EventDate "1997.??.??"]

1. e4 e5 2. Nf3 Nc6 3. d4 exd4 4. Bc4 Bc5 5. c3 d3 6. b4 Bb6 7. O-O d6 8. a4 a6
9. a5 Ba7 10. Qb3 Qe7 11. b5 axb5 12. Bxb5 Nf6 13. a6 Nxe4 14. axb7 Bxb7 15.
Rxa7 Rxa7 16. Bxc6+ Bxc6 17. Qb8+ Kd7 18. Qxa7 Nc5 19. Re1 Qxe1+ 20. Nxe1 Ra8
21. Qxa8 Bxa8 22. Ba3 Nb3 23. Nxd3 Be4 24. Nb4 c5 25. Nd5 Bxd5 26. Bb2 Be4 27.
Na3 Bd3 28. f3 Kc6 29. Kf2 d5 1/2-1/2

[Event "II Weekend INPS"]
[Site "Roma ITA"]
[Date "1997.??.??"]
[Round "7"]
[White "Montecchi, Ugo"]
[Black "Farina, Saverio"]
[Result "1-0"]
[WhiteElo "1833"]
[BlackElo "2195"]
[PlyCount "69"]
[EventDate "1997.??.??"]

1. d4 d5 2. Nf3 c5 3. dxc5 e6 4. e4 Bxc5 5. Bb5+ Nc6 6. O-O Nf6 7. Bg5 O-O 8.
Bxc6 bxc6 9. e5 h6 10. Bh4 g5 11. Nxg5 hxg5 12. Bxg5 Be7 13. exf6 Bxf6 14. Bh6
Bg7 15. Bxg7 Kxg7 16. Qg4+ Kh7 17. Nd2 Rg8 18. Qh5+ Kg7 19. Nf3 Qf6 20. Ne5 Kf8
21. f4 Rb8 22. Qf3 Qe7 23. Qc3 Bb7 24. Rf2 Rc8 25. b4 Qd6 26. Qd4 Ra8 27. f5
Bc8 28. fxe6 Bxe6 29. Raf1 Rg7 30. Qf4 Ke7 31. Qf6+ Kf8 32. Ng6+ Kg8 33. Ne7+
Kf8 34. Nf5 Rh7 35. Nxd6 1-0

[Event "II Weekend INPS"]
[Site "Roma ITA"]
[Date "1997.??.??"]
[Round "7"]
[White "Monteleone, Antonio"]
[Black "Rovatti, Paolo"]
[Result "1-0"]
[WhiteElo "2190"]
[BlackElo "1714"]
[PlyCount "61"]
[EventDate "1997.??.??"]

1. d4 g6 2. c4 Bg7 3. e4 c5 4. d5 d6 5. Nc3 e6 6. Nf3 Bxc3+ 7. bxc3 e5 8. Be2
f5 9. exf5 gxf5 10. Ng5 Ne7 11. Bh5+ Ng6 12. Nxh7 Kf7 13. Ng5+ Kg7 14. g3 Na6
15. h4 f4 16. Ne6+ Bxe6 17. dxe6 fxg3 18. fxg3 Nc7 19. Qg4 Qf6 20. e7 Qe6 21.
Qg5 Qf6 22. Qxf6+ Kxf6 23. Bg5+ Kg7 24. Bg4 d5 25. O-O-O Rae8 26. cxd5 Nb5 27.
d6 Nxc3 28. d7 Nxd1 29. Rxd1 Nxe7 30. dxe8=Q Rxe8 31. Rd7 1-0

[Event "II Weekend INPS"]
[Site "Roma ITA"]
[Date "1997.??.??"]
[Round "7"]
[White "Pezzaldi, Roberto"]
[Black "Siraco, Maurizio"]
[Result "0-1"]
[WhiteElo "2095"]
[BlackElo "1911"]
[PlyCount "80"]
[EventDate "1997.??.??"]

1. c4 e5 2. Nc3 Nf6 3. g3 c6 4. Bg2 d5 5. cxd5 cxd5 6. Qb3 Nc6 7. Nxd5 Nd4 8.
Nxf6+ Qxf6 9. Qd1 Bf5 10. d3 Rc8 11. Rb1 Nc2+ 12. Kf1 Qa6 13. Bd2 Bb4 14. Bxb4
Nxb4 15. a3 Nxd3 16. Nf3 Nxb2 17. Rxb2 Qxa3 18. Qb3 Rc1+ 19. Ne1 Qxb3 20. Rxb3
b6 21. Ra3 a5 22. Rb3 Rb1 23. Bc6+ Ke7 24. Re3 Kd6 25. Be4 Bxe4 26. Rxe4 Rc8
27. f4 Rxe1+ 28. Kxe1 Rc1+ 29. Kd2 Rxh1 30. fxe5+ Ke6 31. h4 h5 32. Re3 Rb1 33.
Kc3 a4 34. Kc2 Rb3 35. Re4 b5 36. g4 hxg4 37. Rxg4 g6 38. h5 gxh5 39. Rh4 Re3
40. Rxh5 Rxe2+ 0-1

[Event "II Weekend INPS"]
[Site "Roma ITA"]
[Date "1997.??.??"]
[Round "7"]
[White "Scacco, Mauro"]
[Black "Gardon, Ermanno"]
[Result "1-0"]
[WhiteElo "2045"]
[BlackElo "1722"]
[PlyCount "65"]
[EventDate "1997.??.??"]

1. e4 e6 2. d4 d5 3. Nc3 dxe4 4. Nxe4 Nd7 5. Nf3 Ngf6 6. Bg5 h6 7. Bxf6 Nxf6 8.
Nxf6+ Qxf6 9. Bd3 Bd7 10. O-O c5 11. Ne5 cxd4 12. Nxd7 Kxd7 13. c3 Bc5 14. cxd4
Bd6 15. Qb3 Rhd8 16. d5 e5 17. f4 e4 18. Qa4+ Ke7 19. Qxe4+ Kf8 20. Qh7 g6 21.
Qxh6+ Kg8 22. Rad1 Bf8 23. Qh3 Bc5+ 24. Kh1 Kg7 25. Bb1 Rac8 26. Qg4 Rh8 27.
Rc1 Qxb2 28. d6 Qa3 29. h3 b6 30. f5 Qb4 31. Rc4 Qb5 32. fxg6 f6 33. Qe6 1-0

[Event "II Weekend INPS"]
[Site "Roma ITA"]
[Date "1997.??.??"]
[Round "7"]
[White "Simeoni, Matteo"]
[Black "Trebeschi, Andrea"]
[Result "1/2-1/2"]
[WhiteElo "1830"]
[BlackElo "1660"]
[PlyCount "70"]
[EventDate "1997.??.??"]

1. e4 d6 2. d4 Nf6 3. Nc3 g6 4. Nf3 Bg7 5. Be2 O-O 6. O-O Nbd7 7. e5 Ne8 8. Bf4
Nb6 9. Re1 d5 10. h3 c6 11. a4 a5 12. Bf1 Nc7 13. Qd2 Ne6 14. Bg3 Nd7 15. Rad1
b6 16. Nh4 Ba6 17. Bxa6 Rxa6 18. Qe2 Ra7 19. f4 Nc7 20. f5 Re8 21. fxg6 fxg6
22. Nf3 Nf8 23. Qf1 Nfe6 24. Qd3 Rf8 25. Ne2 Bh6 26. Nh4 Kg7 27. Rf1 Ra8 28.
Rxf8 Qxf8 29. Rf1 Qg8 30. Qc3 Qe8 31. Nf3 Qd7 32. Be1 Rf8 33. Qb3 Na8 34. Qd3
Nac7 35. Qb3 Na8 1/2-1/2

[Event "II Weekend INPS"]
[Site "Roma ITA"]
[Date "1997.??.??"]
[Round "7"]
[White "Spano' Cuomo, Gaetano"]
[Black "Zagaglia, Alessandro"]
[Result "0-1"]
[WhiteElo "1641"]
[BlackElo "1537"]
[PlyCount "120"]
[EventDate "1997.??.??"]

1. c4 Nf6 2. Nf3 g6 3. d4 Bg7 4. Nc3 O-O 5. e4 d6 6. Be2 Re8 7. O-O b6 8. Rb1
Bb7 9. Qd3 c5 10. b4 Na6 11. a3 Nd7 12. bxc5 dxc5 13. d5 Ne5 14. Nxe5 Bxe5 15.
Bd1 Bc8 16. Ba4 Bd7 17. Bxd7 Qxd7 18. Ne2 e6 19. f4 Bg7 20. Ng3 exd5 21. exd5
f5 22. Bb2 Bxb2 23. Rxb2 Re7 24. Rff2 Re1+ 25. Nf1 Nc7 26. Rfe2 Rxe2 27. Rxe2
Re8 28. Re5 a6 29. d6 Ne6 30. Qd5 Kf7 31. Ne3 Rd8 32. Kf2 Qxd6 33. g3 Qxd5 34.
Nxd5 b5 35. cxb5 axb5 36. Nc3 b4 37. axb4 cxb4 38. Na4 Rb8 39. Nb2 b3 40. Ke3
Rc8 41. Rd5 Ke7 42. Rd3 Rb8 43. Kd2 Nc5 44. Re3+ Ne4+ 45. Kc1 Rc8+ 46. Kb1 Rc2
47. Nd1 Rxh2 48. Nc3 Kd6 49. Nxe4+ fxe4 50. Rxb3 Kc5 51. Kc1 Kc4 52. Ra3 Kd4
53. Kd1 e3 54. Ke1 Ke4 55. Rb3 Kf3 56. Kd1 Rh1+ 57. Kc2 Kf2 58. Kd3 e2 59. Rb2
Rd1+ 60. Ke4 Kf1 0-1